| 000 | 00824cab a2200205 4500 | ||
|---|---|---|---|
| 001 | ABS60244 | ||
| 008 | 090401t1999 xxu||||| |||| 00| 0 eng d | ||
| 035 | _a(Sirsi) u91368 | ||
| 041 | _aeng | ||
| 245 | _aLaunch row overshadows Lords report on GM crops | ||
| 260 | _c1999 | ||
| 350 | _a0 | ||
| 490 |
_aENDS Report _v(288) January 1999, 33-35(3) |
||
| 520 | _aA House of Lords Select Committee published a report in January claiming that the advantages of genetically modified (GM) crops outweigh any environmental risks. This statement only appeared in the conclusion of the report, and has sparked controversy among the Committee members. Provides an overview of the report. | ||
| 650 | _aGENETICALLY MODIFIED CROPS | ||
| 650 | _aHOUSE OF LORDS | ||
| 690 | _aRURAL PRACTICE | ||
| 942 | _n0 | ||
| 948 | _c17/02/1999 | ||
| 999 |
_c57991 _d57991 |
||